[Event "Lisbon Portugal op"]
[Site "Lisbon"]
[Date "2017.02.10"]
[Round "9"]
[White "Branco, Romulo Joao"]
[Black "Ferreira, Miguel Limao"]
[Result "1-0"]
[WhiteElo "1658"]
[BlackElo "1431"]
[PlyCount "43"]
[EventDate "2017.02.04"]
[EventType "swiss"]
[EventRounds "9"]
[EventCountry "POR"]
[SourceTitle "CBM 176 Extra"]
[Source "ChessBase"]
[SourceDate "2017.03.02"]
[SourceVersion "1"]
[SourceVersionDate "2017.03.02"]
[SourceQuality "1"]

1. d4 Nf6 2. c4 g6 3. Nc3 Bg7 4. e4 d6 5. Nf3 0-0 6. Be2 e5 7. dxe5 dxe5 8. 0-0 Qxd1 9. Rxd1 Na6 10. b3 Nc5 11. Ba3 Nfxe4 12. Nxe4 Nxe4 13. Bxf8 Nc3 14. Bxg7 Nxe2+ 15. Kf1 e4 16. Bb2 Bg4 17. Kxe2 exf3+ 18. gxf3 Re8+ 19. Kf1 Bxf3 20. Re1 Rd8 21. Bf6 Rc8 22. Re3 1-0

[Event "Lisbon-ch"]
[Site "Lisbon"]
[Date "2015.02.10"]
[Round "6"]
[White "Martins, Abilio Morgado"]
[Black "Branco, Romulo Joao"]
[Result "0-1"]
[WhiteElo "1489"]
[BlackElo "1737"]
[PlyCount "98"]
[EventDate "2015.01.27"]
[EventType "swiss"]
[EventRounds "7"]
[EventCountry "POR"]
[SourceTitle "CBM 164 Extra"]
[Source "ChessBase"]
[SourceDate "2015.03.02"]
[SourceVersion "1"]
[SourceVersionDate "2015.03.02"]
[SourceQuality "1"]

1. d4 d5 2. Nf3 Nc6 3. e3 e6 4. a3 Nf6 5. Bb5 Bd7 6. 0-0 a6 7. Bd3 Bd6 8. b3 e5 9. dxe5 Nxe5 10. Bb2 Nxd3 11. cxd3 Bg4 12. Nbd2 0-0 13. Qc2 c5 14. Rfe1 Qc7 15. h3 Bh5 16. e4 dxe4 17. dxe4 Bf4 18. Bxf6 gxf6 19. g4 Bg6 20. Rac1 Rad8 21. Re2 b6 22. Rd1 Rfe8 23. Nh4 Qb7 24. Nxg6 hxg6 25. f3 Qc7 26. Nf1 Rxd1 27. Qxd1 Rd8 28. Qc2 Qd6 29. Kg2 Kg7 30. a4 b5 31. h4 Rh8 32. Kh3 Bg5 33. h5 gxh5 34. gxh5 Rxh5+ 35. Kg2 Bf4 36. e5 fxe5 37. Kf2 Qd4+ 38. Ke1 Rh1 39. Rg2+ Kf8 40. Ke2 c4 41. axb5 axb5 42. Rf2 Rg1 43. bxc4 bxc4 44. Qb1 Be3 45. Qb8+ Kg7 46. f4 Bxf2 47. Qxe5+ Qxe5+ 48. fxe5 Rxf1 49. Kxf1 Bd4 0-1

[Event "Lisbon Christmas op"]
[Site "Lisbon"]
[Date "2014.12.30"]
[Round "9"]
[White "Branco, Romulo Joao"]
[Black "Kolar, Jelena"]
[Result "0-1"]
[WhiteElo "1737"]
[BlackElo "2034"]
[PlyCount "52"]
[EventDate "2014.12.26"]
[EventType "swiss"]
[EventRounds "9"]
[EventCountry "POR"]
[SourceTitle "EXT 2018"]
[Source "ChessBase"]
[SourceDate "2017.10.13"]
[SourceVersion "1"]
[SourceVersionDate "2017.10.13"]
[SourceQuality "1"]

1. e4 e5 2. Nf3 Nc6 3. Bc4 Bc5 4. 0-0 Nf6 5. Nc3 d6 6. d3 Bg4 7. Bg5 Nd4 8. Kh1 c6 9. h3 Nxf3 10. gxf3 Bxh3 11. Rg1 Bxf2 12. Kh2 Bxg1+ 13. Qxg1 Be6 14. Bxe6 fxe6 15. Rf1 h6 16. Bh4 g5 17. Bf2 c5 18. Qg3 Qe7 19. Nb5 a6 20. Na3 Nh5 21. Qg4 Nf4 22. Rg1 Kd7 23. Nc4 Rag8 24. Re1 h5 25. Qg3 g4 26. Bxc5 h4 0-1